Normal view
MARC view
- الشرطة - علم النفس البوليسي - جوانب اجتماعية - الشرطة والمجتمع - قطر
Entry Topical Term
001 - CONTROL NUMBER
- control field: 9885
003 - CONTROL NUMBER IDENTIFIER
- control field: JO-AjAnu
005 - DATE AND TIME OF LATEST TRANSACTION
- control field: 20230606071905.0
008 - FIXED-LENGTH DATA ELEMENTS
- fixed length control field: 230606|| aca||aabn | a|a d
040 ## - CATALOGING SOURCE
- Original cataloging agency: JO-AjAnu
- Transcribing agency: JO-AjAnu
150 ## - HEADING--TOPICAL TERM
- Topical term or geographic name entry element: الشرطة - علم النفس البوليسي - جوانب اجتماعية - الشرطة والمجتمع - قطر
670 ## - SOURCE DATA FOUND
- Source citation: Work cat.: (JO-AjAnu)5094: الشرمان، عديل احمد, author 9884, الصورة الذهنية لرجل الشرطة لدى المواطن العربي: دراسة حالة على المجتمع القطري